Organizational behavior : (Record no. 33598)
[ view plain ]
| 000 -LEADER | |
|---|---|
| fixed length control field | 02009cam a2200337 a 4500 |
| 001 - CONTROL NUMBER | |
| control field | 14931330 |
| 003 - CONTROL NUMBER IDENTIFIER | |
| control field | OSt |
| 005 - DATE AND TIME OF LATEST TRANSACTION | |
| control field | 20211124105049.0 |
| 008 - FIXED-LENGTH DATA ELEMENTS--GENERAL INFORMATION | |
| fixed length control field | 070717s2008 njuab b 001 0 eng |
| 010 ## - LIBRARY OF CONGRESS CONTROL NUMBER | |
| LC control number | 2007029574 |
| 020 ## - INTERNATIONAL STANDARD BOOK NUMBER | |
| International Standard Book Number | 9788131724866 |
| 035 ## - SYSTEM CONTROL NUMBER | |
| System control number | (OCoLC)ocn156874798 |
| 038 ## - RECORD CONTENT LICENSOR | |
| Staff Name | khadija |
| 040 ## - CATALOGING SOURCE | |
| Original cataloging agency | DLC |
| Transcribing agency | DLC |
| Modifying agency | BAKER |
| -- | BTCTA |
| -- | YDXCP |
| -- | C#P |
| -- | BWX |
| -- | NLGGC |
| -- | TBS |
| -- | DLC |
| 050 00 - LIBRARY OF CONGRESS CALL NUMBER | |
| Classification number | HD58.7 |
| Item number | .A478 2008 |
| 082 00 - DEWEY DECIMAL CLASSIFICATION NUMBER | |
| Classification number | 658.4 |
| Edition number | 22 |
| Author Mark | AND |
| 084 ## - OTHER CLASSIFICATION NUMBER | |
| Classification number | 85.08 |
| Number source | bcl |
| 100 1# - MAIN ENTRY--PERSONAL NAME | |
| Personal name | André, Rae. |
| 9 (RLIN) | 84997 |
| 245 10 - TITLE STATEMENT | |
| Title | Organizational behavior : |
| Remainder of title | an introduction to your life in organizations / |
| Statement of responsibility, etc. | Rae André. |
| 260 ## - PUBLICATION, DISTRIBUTION, ETC. | |
| Place of publication, distribution, etc. | Upper Saddle River, NJ : |
| Name of publisher, distributor, etc. | Pearson Prentice Hall, |
| Date of publication, distribution, etc. | c2008. |
| 300 ## - PHYSICAL DESCRIPTION | |
| Extent | xxxv, 572 p. : |
| Other physical details | col. ill., col. map ; |
| Dimensions | 28 cm. |
| 504 ## - BIBLIOGRAPHY, ETC. NOTE | |
| Bibliography, etc. note | Includes bibliographical references and index. |
| 505 0# - FORMATTED CONTENTS NOTE | |
| Formatted contents note | Individuals and relationships -- Why mastering organizational behavior is essential to your career -- Your personality and style -- Decision making -- Fundamentals of motivation -- Motivating individuals in their jobs -- Health and stress at work -- Communication and interpersonal relationships -- Cross-cultural relationships -- Groups -- Groups and their influence -- Improving team effectiveness -- Leadership -- The challenge of leadership -- Leadership roles and skills -- Power and influence -- Conflicts good and bad -- The organization -- Designing effective organizations -- Organizational structure as a design tool -- Organizational culture -- Changing organizations -- Looking ahead to using OB in your career -- OB is for life. |
| 563 ## - BINDING INFORMATION | |
| Binding note | PB |
| 650 #0 - SUBJECT ADDED ENTRY--TOPICAL TERM | |
| Topical term or geographic name entry element | Organizational behavior. |
| 9 (RLIN) | 84998 |
| 650 #0 - SUBJECT ADDED ENTRY--TOPICAL TERM | |
| Topical term or geographic name entry element | Psychology, Industrial. |
| 9 (RLIN) | 84999 |
| 856 41 - ELECTRONIC LOCATION AND ACCESS | |
| Materials specified | Table of contents only |
| Uniform Resource Identifier | <a href="http://www.loc.gov/catdir/toc/ecip0723/2007029574.html">http://www.loc.gov/catdir/toc/ecip0723/2007029574.html</a> |
| 906 ## - LOCAL DATA ELEMENT F, LDF (RLIN) | |
| a | 7 |
| b | cbc |
| c | orignew |
| d | 1 |
| e | ecip |
| f | 20 |
| g | y-gencatlg |
| 942 ## - ADDED ENTRY ELEMENTS (KOHA) | |
| Source of classification or shelving scheme | |
| Koha item type | Book |
| Withdrawn status | Lost status | Source of classification or shelving scheme | Damaged status | Not for loan | Permanent Location | Current Location | Shelving location | Date acquired | Full call number | Barcode | Date last seen | Price effective from | Koha item type |
|---|---|---|---|---|---|---|---|---|---|---|---|---|---|
| School of Mechanical & Manufacturing Engineering (SMME) | School of Mechanical & Manufacturing Engineering (SMME) | General Stacks | 05/09/2016 | 658.4 AND | SMME-2688 | 04/05/2018 | 05/09/2016 | Book |
